| 000 | 00808cab a2200217 4500 | ||
|---|---|---|---|
| 001 | WB3117-09 | ||
| 008 | 090401t1995 xxu||||| |||| 00| 0 eng d | ||
| 035 | _a(Sirsi) u61192 | ||
| 041 | _aeng | ||
| 245 | _aPink elephant | ||
| 260 | _c1995 | ||
| 350 | _a0 | ||
| 490 |
_aGuardian _v5 May 1995, 2(1) |
||
| 520 | _aDiscusses the construction of the headquarters building for the EU Council of Ministers, a £300m fortress of pink granite and reflactive glass, where embarrassments in the planning and construction could render it a huge pink elephant. Includes a table of costs and statistics. | ||
| 650 | _aBUILT ENVIRONMENT-BUILDING COSTS | ||
| 650 | _aCOUNCIL OF MINISTERS | ||
| 650 | _aHEADQUARTERS BUILDING | ||
| 690 | _aBUILDING AND CONSTRUCTION-PROJECTS | ||
| 942 | _n0 | ||
| 948 | _c04/03/1997 | ||
| 999 |
_c37858 _d37858 |
||